<?xml version="1.0" encoding="UTF-8"?>
<record
    xmlns:xsi="http://www.w3.org/2001/XMLSchema-instance"
    xsi:schemaLocation="http://www.loc.gov/MARC21/slim http://www.loc.gov/standards/marcxml/schema/MARC21slim.xsd"
    xmlns="http://www.loc.gov/MARC21/slim">

  <leader>02103nam a2200313Ia 4500</leader>
  <controlfield tag="001">C0266</controlfield>
  <controlfield tag="003">IT-RoPAU</controlfield>
  <controlfield tag="008">130308s9999    xx            000 0 und d</controlfield>
  <datafield tag="040" ind1=" " ind2=" ">
    <subfield code="a">IT-RoPAU</subfield>
  </datafield>
  <datafield tag="040" ind1=" " ind2=" ">
    <subfield code="c">IT-RoPAU</subfield>
  </datafield>
  <datafield tag="041" ind1=" " ind2=" ">
    <subfield code="a">ITALIANO</subfield>
  </datafield>
  <datafield tag="100" ind1=" " ind2=" ">
    <subfield code="a">Thomas Bob</subfield>
  </datafield>
  <datafield tag="100" ind1=" " ind2=" ">
    <subfield code="g">Codice Aut. SPICS: 39906</subfield>
  </datafield>
  <datafield tag="245" ind1=" " ind2=" ">
    <subfield code="a">Bella e la Bestia (La)-Storia di un Capolavoro</subfield>
  </datafield>
  <datafield tag="245" ind1=" " ind2=" ">
    <subfield code="b">Bella e la Bestia (La)-Storia di un Capolavoro</subfield>
  </datafield>
  <datafield tag="250" ind1=" " ind2=" ">
    <subfield code="a">1a ed.</subfield>
  </datafield>
  <datafield tag="260" ind1=" " ind2=" ">
    <subfield code="a">MILANO</subfield>
  </datafield>
  <datafield tag="260" ind1=" " ind2=" ">
    <subfield code="b">Walt Disney Company</subfield>
  </datafield>
  <datafield tag="260" ind1=" " ind2=" ">
    <subfield code="c">1993 [1&#xB0; Ed.:1993 - Ed.Ling.Originale:1991]</subfield>
  </datafield>
  <datafield tag="300" ind1=" " ind2=" ">
    <subfield code="a">"200 p. (prefazione: no ; testo: 200 [pagine: 0-0])"</subfield>
  </datafield>
  <datafield tag="500" ind1=" " ind2=" ">
    <subfield code="a">"Bob Thomas biografo ufficiale di Walt Disney Racconta da Dietro le quinte la Realizzazione della bella e la Bestia, Svelandone I Retroscena, I Segreti, L'Aneddotica. Vengono Spiegate le Tecniche di Avanguardia e I trucchi del Mestiere che fanno Grande L'Animazione Disneyana. Maggior parte dei Saggisono Tratti dal suo Volume Art Of Animation Edito nel 1991: Dalla sceneggiatura al Film, Un'Eroina Disneyana che legge Libri, Realizzazione Dello Storyboard, una Riunione per la Sceneggiatura, Produzione: la Visione Unitaria, Regia: Due Soci Agli Antipodi, le Voci: Ascoltando gli Attori a Occhi Chiusi, Musica: &#xE8; una Storia, Sai, Vera Piu' che Mai, Melodie Danze e Compositori dell'animazione Disneyana, Direzione Artistica: dovrebbero Essere Illuminati Come Bette Davis, Layout: Piu' fantasia e meno Realismo, Animazione:Entrano in scena gli Attori, Rifinitura: Il tocco Finale, gli Sfondi: Uno Spettacolo Nello Stile del dottor Zivago, gli Effetti: di tutto a parte I Vulcani. La sezione ""La Storia"" &#xE8; di Roberto Casalini e Luisa Baronchelli. La sezione ""I Protagonisti"" (Belle, la Bestia, Gaston, Letont, Maurice, tockins, Lumiere, Mrs Bric e Chicco, gli Altri Oggetti, I Luoghi, la Rosa) &#xE8; di Alberto Becattini. molte fotografie Anche Inedite."</subfield>
  </datafield>
  <datafield tag="650" ind1=" " ind2=" ">
    <subfield code="a">AUTORI/OPERE DEL CINEMA</subfield>
  </datafield>
  <datafield tag="650" ind1=" " ind2=" ">
    <subfield code="e">Codice materia Spics: 6807</subfield>
  </datafield>
  <datafield tag="700" ind1=" " ind2=" ">
    <subfield code="a">AA.VV.</subfield>
  </datafield>
  <datafield tag="700" ind1=" " ind2=" ">
    <subfield code="g">Codice Aut. SPICS: 12000</subfield>
  </datafield>
  <datafield tag="942" ind1=" " ind2=" ">
    <subfield code="c">BK</subfield>
  </datafield>
  <datafield tag="957" ind1=" " ind2=" ">
    <subfield code="7">1</subfield>
  </datafield>
  <datafield tag="999" ind1=" " ind2=" ">
    <subfield code="c">92933</subfield>
    <subfield code="d">92933</subfield>
  </datafield>
  <datafield tag="999" ind1=" " ind2=" ">
    <subfield code="g">1</subfield>
  </datafield>
  <datafield tag="952" ind1=" " ind2=" ">
    <subfield code="0">0</subfield>
    <subfield code="1">0</subfield>
    <subfield code="4">0</subfield>
    <subfield code="6">C_000000000000000_0266</subfield>
    <subfield code="7">1</subfield>
    <subfield code="a">SPICS</subfield>
    <subfield code="b">SPICS</subfield>
    <subfield code="d">2013-03-08</subfield>
    <subfield code="l">0</subfield>
    <subfield code="o">C0266</subfield>
    <subfield code="r">2013-03-08 00:00:00</subfield>
    <subfield code="w">2013-03-08</subfield>
    <subfield code="y">BK</subfield>
    <subfield code="z">Progressivo inserimento:  34462 /  N. Volumi: 1 Copie: 1  / data import: 1 marzo 2013 - By Epidotti, Trombetti, Vaglietti. </subfield>
  </datafield>
</record>
